Science Quiz

Random Science or Math Quiz

Equations on a Graph Quiz Stats

 Plays Quiz Updated Mar 14, 2016

Score 0/10 Timer 02:00
3 Plays Today
% Correct
y = x + 1
85.7%
y = 2x
84.8%
y = x - 1
84.4%
y = x²
84.2%
y = x³
74.7%
y = √ (-x)
70.8%
y = cos (x)
70.6%
y = sin (x)
66.5%
y = ln (x)
61.2%
y = tan (x)
53.2%

You're not logged in!

Compare scores with friends on all Sporcle quizzes.
OR
Log In

Show Comments

Extras

Top Quizzes Today


Score Distribution

Your Account Isn't Verified!

In order to create a playlist on Sporcle, you need to verify the email address you used during registration. Go to your Sporcle Settings to finish the process.

Report this User

Report this user for behavior that violates our Community Guidelines.

Details: